000 01242nac a22003617a 4500
001 BR0600847
003 BR-BrBNA
005 20240105123254.0
008 230509b bl.|||m| |||| 00| 0 por d
040 _aBR-BrBNA
_bpor
_cBiblioteca Nacional de Agricultura
072 _aP34; F30
090 _a1930 BR0600847
100 1 _aReis Júnior, F.B. dos
100 1 _aTeixeira, K.R. dos S.
100 1 _aReis, V.M.
110 1 _aEMBRAPA Cerrados, Planaltina, DF (Brasil)
245 1 _aAnálises de restrição do DNA ribossomal ampliificado (ARDRA)em estudos de diversidade intra-específica de Azospirillum amazonense isolado de diferentes espécies de brachiaria
260 3 _aPlanaltina, DF (Brasil):
_c2004.
300 _a41 p.
490 _aDocumentos - EMBRAPA Cerrados (Brazil)
_vno. 117
_xISSN 1517-5111
500 _aSummary (En); Bibliography p. 34-40; 14 illus.
650 _aGRAMÍNEA FORRAGEIRA
650 _aCAPIM BRACHIARIA
650 _aNITROGÊNIO
650 _aCONSORCIAÇÃO DE CULTURA
650 _aPASTAGEM
650 _aDNA
650 _aRAÍZ
650 _aFIXAÇÃO DE NITROGÊNIO
650 _aMICROBIOLOGIA DO SOLO
909 _a202312
_bLúcia Elande
_c55
_dLúcia Elande
942 _2AGRIS
_n0
_cMS
999 _c294720
_d294720